[Event "SVK-ch U12"]
[Site "Liptovsky Mikulas"]
[Date "2007.04.26"]
[Round "7"]
[White "Zauko, Tibor"]
[Black "Danada, Tomas"]
[Result "0-1"]
[WhiteElo "1350"]
[BlackElo "1367"]
[PlyCount "58"]
[EventDate "2007.04.22"]
[EventType "swiss"]
[EventRounds "9"]
[EventCountry "SVK"]
[SourceTitle "EXT 2008"]
[Source "ChessBase"]
[SourceDate "2007.11.25"]
[SourceVersion "1"]
[SourceVersionDate "2007.11.25"]
[SourceQuality "1"]

1. e4 e5 2. Nf3 Nc6 3. Nc3 Nf6 4. Bb5 Bb4 5. d3 d6 6. 0-0 0-0 7. Bg5 Bxc3 8. bxc3 Bd7 9. h3 h6 10. Bc1 Re8 11. Ba3 d5 12. Re1 dxe4 13. dxe4 a6 14. Bd3 Be6 15. c4 Qd7 16. Re3 Rad8 17. Ne1 Bxc4 18. Qe2 Bxd3 19. cxd3 Nd4 20. Qf1 Qa4 21. Bc5 Nh5 22. Nf3 Nc2 23. Nxe5 Rxe5 24. Ba7 Nxe3 25. fxe3 b6 26. d4 Rxe4 27. Qe1 Rdxd4 28. Bb8 Rd3 29. Kh2 Rdxe3 0-1